000 00835nam a2200217 a 4500
001 000042378
005 20201002040121.0
008 131127s1994 sp 000 0 spa d
020 _a8433913832
040 _aDO-SdBNP
_bspa
_cBNPHU
082 _axxx
_bG916a
100 1 _aGuarner, José Luis,
_d1937-1993.
_969468
245 1 0 _aAutorretrato del cronista /
_cJosé Luis Guarner ; selección de textos de Lluís Bonet Mojica ... [et al.] ; [prológo de Guillermo Cabrera Infante].
260 _aBarcelona :
_bAnagrama,
_c1994.
300 _a420 p. ;
_c22 cm.
490 1 _aArgumentos
500 _aIncluye datos biográficos del autor en la solapa de la cubierta.
500 _aIncluye referencias bibliográficas y notas al pie de las páginas.
700 1 2 _aCabrera Infante, Guillermo
_epról.
_947867
830 0 _aArgumentos
_98962
999 _c41867
_d41867